Ciudades del mañana: historia del urbanismo en el siglo XX
Salvato in:
| Autore principale: | |
|---|---|
| Natura: | Libro |
| Lingua: | spagnolo |
| Pubblicazione: |
Barcelona
Del Serbal
1996
|
| Edizione: | 1a. ed |
| Serie: | Colección La Estrella Polar
|
| Soggetti: | |
| Tags: |
Aggiungi Tag
Nessun Tag, puoi essere il primo ad aggiungerne!!
|
MARC
| LEADER | 00000cam a2200000 a 4500 | ||
|---|---|---|---|
| 001 | UCP3956 | ||
| 003 | CL-VaPUC | ||
| 008 | 990709e19960000SP |||||||||||||||||spa|d | ||
| 020 | |a 9788476281901 | ||
| 082 | 0 | 4 | |a 711.09 |b HAL |2 21 |
| 100 | |a Hall, Peter |e author |9 431378 | ||
| 245 | 1 | 0 | |a Ciudades del mañana: historia del urbanismo en el siglo XX |
| 250 | |a 1a. ed | ||
| 300 | |a 494 p | ||
| 942 | |c BK | ||
| 945 | |d 19990709 00:00:00 |a vberengu | ||
| 260 | |a Barcelona |b Del Serbal |c 1996 | ||
| 650 | 0 | |a Ciudades |9 265474 | |
| 650 | 0 | |a Planificación urbana |9 258176 | |
| 650 | 0 | |a Urbanización |9 265706 | |
| 650 | 0 | |a Urbanismo |9 255208 | |
| 583 | |a last modification |c 20141203 03:42:46 |k Rodrigo Vera | ||
| 490 | 0 | |a Colección La Estrella Polar | |
| 999 | |c 282067 |d 282065 | ||
| 952 | |0 0 |1 0 |4 0 |6 711_090000000000000_HAL_1996 |7 0 |8 A |9 323472 |a BIBING |b BIBING |d 2019-11-20 |i 3527387 |o 711.09 HAL 1996 |p 3527387 |r 2025-01-20 |w 2019-11-20 |y BK |k GEO | ||
| 952 | |0 0 |1 0 |4 0 |6 711_090000000000000_HAL_1996 |7 0 |8 A |9 323473 |a BIBART |b BIBART |d 2019-11-20 |i 3844013 |o 711.09 HAL 1996 |p 3844013 |r 2025-03-13 |w 2019-11-20 |y BK |k ART | ||
| 952 | |0 0 |1 0 |3 erb |4 0 |6 711_090000000000000_HAL_1996 |7 0 |8 A |9 323474 |a BIBARQ |b BIBARQ |i 5128978 |o 711.09 HAL 1996 |p 5128978 |r 2025-01-20 |w 2019-11-20 |y BK |z Catalogado en:20141204 |k ARQ | ||